| 000 -LEADER |
| fixed length control field |
01158nam a2200205Ia 4500 |
| 001 - CONTROL NUMBER |
| control field |
11730 |
| 003 - CONTROL NUMBER IDENTIFIER |
| control field |
GE_BSU |
| 008 - FIXED-LENGTH DATA ELEMENTS--GENERAL INFORMATION |
| fixed length control field |
181216s||||||||xx |||||||||||||| ||und|| |
| 040 ## - CATALOGING SOURCE |
| Transcribing agency |
GE_BSU |
| 245 ## - TITLE STATEMENT |
| Title |
ვეფხისტყაოსნის სიმფონია |
| 245 ## - TITLE STATEMENT |
| Remainder of title |
Симфония к поеме Ш.Руставели Витязь в титровой шкуре. |
| 245 ## - TITLE STATEMENT |
| Statement of responsibility, etc. |
შედგ:აკაკი შანიძის ხელმძღვანელობით მისივე წინასიტყვაობით და გამოკვლევით. Составленная под руководством А.Шанидзе. |
| 260 ## - PUBLICATION, DISTRIBUTION, ETC. |
| Place of publication, distribution, etc. |
თბილისი |
| 260 ## - PUBLICATION, DISTRIBUTION, ETC. |
| Name of publisher, distributor, etc. |
თბილისის სახ.უნ-ტის გამ-ბა. |
| 260 ## - PUBLICATION, DISTRIBUTION, ETC. |
| Date of publication, distribution, etc. |
1956 |
| 300 ## - PHYSICAL DESCRIPTION |
| Extent |
428გვ;24სმ. |
| 520 ## - SUMMARY, ETC. |
| Summary, etc. |
ძველი ქართული ენის კათედრის შრომები 3. |
| 653 ## - INDEX TERM--UNCONTROLLED |
| Uncontrolled term |
ვეფხისტყაოსნის სიმფონია.Симфония к поеме Ш.Руставели Витязь в титровой шкуре. |
| 942 ## - ADDED ENTRY ELEMENTS (KOHA) |
| Koha item type |
წიგნი |